Statistics for Alan Walker & Ava Max - Alone, Pt. II | Lyrics

Click here to take the quiz!

General Stats

  • This quiz has been taken 141 times
  • The average score is 231 of 283

Answer Stats

Lyric% Correct
I
98%
A
96%
a
96%
you
93%
alone
92%
no
92%
I'm
89%
it
89%
not
89%
the
89%
We
89%
we
89%
go
87%
on
87%
make
86%
gonna
85%
to
85%
we're
85%
were
85%
and
83%
And
83%
who
83%
someone
82%
that
82%
need
81%
one
81%
when
81%
wall
80%
all
79%
in
78%
Like
78%
like
78%
teacher
77%
Then
77%
cry
76%
most
76%
other
76%
posters
76%
young
76%
at
75%
gets
75%
me
75%
really
75%
Right
75%
shoulder
75%
each
74%
always
73%
call
73%
kids
73%
was
73%
would
73%
'Cause
72%
Looking
72%
looking
72%
cool
71%
did
71%
else
71%
rely
71%
thing
71%
through
71%
your
71%
highs
70%
lows
70%
ones
70%
wouldn't
70%
'Cause
69%
friend
69%
are
68%
be
68%
trouble
68%
if
67%
outside
67%
own
67%
praying
67%
soul
67%
stare
67%
their
67%
there
67%
wasn't
67%
but
65%
face
65%
never
65%
saw
65%
eyes
64%
from
62%
I'll
62%
They
62%
side
61%
cared
60%
letting
59%
Yeah
59%
back
56%
understood
56%
forgiving
53%

Score Distribution

Percentile by Number Answered

Percent of People with Each Score

Your Score History

You have not taken this quiz